|
|
|
|
| LEADER |
00942nkm a2200277 a 4500 |
| 001 |
001347829 |
| 003 |
CZ BrMZK |
| 005 |
20131204125504.0 |
| 007 |
kf bo |
| 008 |
131125s2013 xr nnn g | kncze |
| 020 |
|
|
|a 978-80-87074-17-6
|q (brož.)
|
| 040 |
|
|
|a BOA001
|b cze
|
| 080 |
|
|
|a 003.6
|2 MRF
|
| 080 |
|
|
|a (084.053.2)
|2 MRF
|
| 100 |
1 |
|
|a Hrochová, Lucie
|7 mzk2006377721
|4 aut
|4 ill
|
| 245 |
0 |
0 |
|a Mandaly zdraví
|h [grafika] :
|b najděte zdroj vlastní energie /
|c [text a ilustrace] Lucie Hrochová
|
| 246 |
3 |
0 |
|a Najděte zdroj vlastní energie
|
| 250 |
|
|
|a 1. vyd.
|
| 260 |
|
|
|a Uherské Hradiště :
|b Bhakti,
|c 2013
|
| 300 |
|
|
|a 47 obrazových listů :
|b čb. ;
|c 21 x 21 cm
|
| 650 |
0 |
7 |
|a mandaly
|7 ph122606
|2 czenas
|
| 655 |
|
7 |
|a omalovánky
|7 fd182999
|2 czenas
|
| 910 |
|
|
|a BOA001
|b 2-1314.471
|
| 990 |
|
|
|a GP
|
| 991 |
|
|
|b 201312
|e n
|
| 996 |
6 |
|
|b 2610570070
|c 2-1314.471
|l MZK
|r Sklad / do 1 hodiny
|n 0
|p p.v.
|w 001383715
|u 000010
|a 1
|e BOA001
|j MZK50
|s P
|